José María Mardones, Calos Díaz y Mauricio Beuchot frente a la postmodernidad /

Uloženo v:
Podrobná bibliografie
Hlavní autor: González Valencia, Luis Alfonso (autor)
Médium: Diplomová práce Kniha
Jazyk:španělština
Témata:
Tagy: Přidat tag
Žádné tagy, Buďte první, kdo vytvoří štítek k tomuto záznamu!

MARC

LEADER 00000nam^a2200000^a^4500
001 000152765
005 20250521000000.0
005 20250521000000.0
009 20260310100255.505
037 |a Acervo ITESO - Biblioteca 
041 |a ESP 
090 |a FIL. 15 
100 |a González Valencia, Luis Alfonso  |e (autor) 
245 1 0 |a José María Mardones, Calos Díaz y Mauricio Beuchot frente a la postmodernidad /  |c L.A. González Valencia. 
264 |a Guadalajara, México :  |b edición de autor,  |c 2003 
300 |a 105 p. 
336 |a texto  |b txt  |2 rdacontenido 
337 |a sin mediación  |b n  |2 rdamedio 
338 |a volumen  |b nc  |2 rdasoporte 
502 |a ITESO Tesis de Licenciatura en Filosofía y Ciencias Sociales 
649 |a XX 
650 |a Valores 
650 |a Teólogos Españoles 
650 |a Filosofía 
650 |a Mardones, José María 
650 |a Díaz, Carlos 
650 |a Beuchot, Mauricio 
650 |a Modernidad y Posmodernidad 
650 |a Sociología de la Cultura 
650 |a Sociedad Postindustrial 
650 |a Religión 
650 |a Filósofos Mexicanos 
650 |a Axiología 
650 |a Conocimiento 
650 |a Hombre 
650 |a Filosofía del Siglo XX 
650 |a Sociología de la Religión 
650 |a Filósofos Españoles 
650 |a Cristianismo 
910 |a Fondo General 
920 |a Impresos - Tesis del ITESO 
930 |a Colección General 
905 |a 104 
901 |a 0500081605  |b IT2  |c TSS  |u 20250521 
902 |a https://opac.biblio.iteso.mx/vufind/Record/000152765